Statistics for Just Beachy - Beach and Bay Cities

Click here to take the quiz!

General Stats

  • This quiz has been taken 21 times
  • The average score is 9 of 17

Answer Stats

CityState% Correct
BeachVirginia BeachVA
89%
BayGreen BayWI
83%
BeachLong BeachCA
83%
BeachHuntington BeachCA
78%
BeachDaytona BeachFL
67%
BeachMiami BeachFL
67%
BayPalm BayFL
67%
BeachPalm Beach GardensFL
67%
BeachNewport BeachCA
44%
BeachBoynton BeachFL
39%
BeachPompano BeachFL
39%
BeachWest Palm BeachFL
39%
BeachRedondo BeachCA
33%
BeachDelray BeachFL
28%
BeachDeerfield BeachFL
22%
BayBayonneNJ
17%
BayBaytownTX
17%

Score Distribution

Percentile by Number Answered

Percent of People with Each Score

Your Score History

You have not taken this quiz